Minecraft Hostile Mobs - Sudden Death - Statistics

General Stats
  • This quiz has been taken 428 times
  • The average score is 6 of 15
Answers on the Grid
Answers color-coded by a green-red scale on the quiz's grid according to % correct below.
Blaze
Breeze
Ravager
Vex
Evoker
Warden
Zombie
Creeper
Witch
Piglin Brute
Elder Guardian
Silverfish
Endermite
Ghast
Pillager
Bee
Llama
Cave Spider
Goat
Fox
Enderman
Iron Golem
Polar Bear
Piglin
Allay
Skeleton Horse
Chicken
Frog
Turtle
Snow Golem
 
Answer Stats
Answer % Correct
Zombie
50%
Ghast
47%
Pillager
47%
Creeper
46%
Piglin Brute
46%
Witch
46%
Elder Guardian
45%
Blaze
43%
Ravager
42%
Evoker
41%
Silverfish
41%
Endermite
37%
Vex
37%
Warden
36%
Breeze
28%
No matching quizzes found
Score Distribution
Percent of People with Each Score
Percentile by Number Answered
Your Score History
You have not taken this quiz